[Event "Ottawa Winter op"]
[Site "Ottawa CAN"]
[Date "2025.01.19"]
[Round "4.6"]
[White "Sambuev, Bator"]
[Black "Lalonde, Olivier"]
[Result "1-0"]
[WhiteElo "2528"]
[BlackElo "2276"]
[WhiteFideId "-1"]
[WhiteFideId "-1"]
[PlyCount "281"]
[GameId "2136100634964738"]
[EventDate "2025.01.17"]
[EventType "swiss"]
[EventRounds "5"]
[EventCountry "CAN"]

1. Nf3 g6 2. e4 c5 3. d4 cxd4 4. Nxd4 Nf6 5. Nc3 d6 6. Be3 Bg7 7. f3 a6 8. Qd2 h5 9. a4 Nbd7 10. a5 b5 11. axb6 Nxb6 12. Qf2 Qc7 13. Nb3 Nbd7 14. Be2 Bb7 15. O-O d5 16. exd5 Nxd5 17. Nxd5 Bxd5 18. c4 Bc6 19. Bd4 O-O 20. Na5 Rab8 21. Rfd1 Rfd8 22. Bxg7 Kxg7 23. Qd4+ Ne5 24. Qc3 Rxd1+ 25. Bxd1 Qb6+ 26. c5 Qxb2 27. Qxb2 Rxb2 28. f4 Rxg2+ 29. Kf1 Nd3 30. Nxc6 Rf2+ 31. Kg1 Rxf4 32. Nxe7 Nxc5 33. Nd5 Rd4 34. Bf3 Rd2 35. Nb4 Rb2 36. Nc6 Ne6 37. Bg2 Ng5 38. Ne5 h4 39. Nd3 Rd2 40. Nf4 Rd4 41. Ne2 Rd2 42. Kf2 Rd6 43. Ra3 Rf6+ 44. Ke1 h3 45. Bd5 Rf5 46. Bc6 a5 47. Bd7 Rf3 48. Rxa5 Kh6 49. Ng1 Rb3 50. Bc6 f5 51. Ra6 Kh5 52. Kf2 Ne4+ 53. Bxe4 fxe4 54. Re6 g5 55. Rxe4 g4 56. Ne2 Rf3+ 57. Kg1 Ra3 58. Re5+ Kh4 59. Rf5 Rb3 60. Kf2 Ra3 61. Rd5 Rb3 62. Rc5 Rf3+ 63. Ke1 Re3 64. Ra5 Rb3 65. Nd4 Rb1+ 66. Kf2 Rb2+ 67. Ne2 Rb3 68. Ra2 Rf3+ 69. Kg1 Rb3 70. Ng3 Rb5 71. Kf2 Rb3 72. Nf5+ Kg5 73. Nd4 Rc3 74. Ra5+ Kg6 75. Rb5 Rd3 76. Ne2 Kf6 77. Rc5 Rf3+ 78. Ke1 Kg6 79. Rc4 Kg5 80. Rc3 Rf5 81. Nd4 Ra5 82. Kf2 Kh4 83. Ke3 Ra2 84. Ne2 Ra8 85. Ng3 Rf8 86. Rc5 Rf3+ 87. Ke2 Rf2+ 88. Ke3 Rxh2 89. Ne4 Ra2 90. Rc8 Ra3+ 91. Kf4 Rf3+ 92. Ke5 Kh5 93. Nf6+ Kh4 94. Ne4 Kh5 95. Rh8+ Kg6 96. Rg8+ Kf7 97. Rxg4 Ra3 98. Nd6+ Kf8 99. Rh4 Kg8 100. Kf6 Ra6 101. Ke6 Ra3 102. Ne4 Kf8 103. Rh7 Ra6+ 104. Kf5 Kg8 105. Rxh3 Kg7 106. Rb3 Ra5+ 107. Ke6 Kh6 108. Rh3+ Rh5 109. Rg3 Ra5 110. Rg8 Kh5 111. Nd2 Rg5 112. Rf8 Kg4 113. Nf3 Ra5 114. Ne5+ Kg3 115. Rf3+ Kg2 116. Rb3 Ra4 117. Kf5 Kf2 118. Rc3 Rh4 119. Ng6 Ra4 120. Nf4 Ra8 121. Ne6 Ra4 122. Ke5 Ke2 123. Nd4+ Kd2 124. Rh3 Ra8 125. Nc6 Ra4 126. Kd5 Ra8 127. Ke4 Re8+ 128. Kd4 Ra8 129. Rh2+ Ke1 130. Ne5 Re8 131. Ra2 Re7 132. Nc6 Re2 133. Ra3 Re8 134. Ne5 Re7 135. Ra2 Re8 136. Ng4 Kf1 137. Kd3 Kg1 138. Nf6 Re6 139. Ne4 Rh6 140. Ng5 Rb6 141. Ke3 1-0

[Event "Ottawa Winter op"]
[Site "Ottawa CAN"]
[Date "2025.01.19"]
[Round "4.8"]
[White "Moses, Neil"]
[Black "Gordon, David"]
[Result "1/2-1/2"]
[WhiteElo "2333"]
[BlackElo "2154"]
[WhiteFideId "-1"]
[WhiteFideId "-1"]
[PlyCount "125"]
[GameId "2136100634919679"]
[EventDate "2025.01.17"]
[EventType "swiss"]
[EventRounds "5"]
[EventCountry "CAN"]

1. e4 c5 2. Nf3 Nc6 3. Nc3 Nf6 4. Bb5 Qc7 5. O-O Nd4 6. Bc4 e6 7. d3 Ng4 8. g3 Nxf3+ 9. Qxf3 Ne5 10. Qe2 Nxc4 11. dxc4 b6 12. Bf4 Qc6 13. Rad1 Bb7 14. Nb5 Qxe4 15. Nc7+ Kd8 16. Qxe4 Bxe4 17. Nxa8 Bxa8 18. Bd6 Bxd6 19. Rxd6 Bd5 20. cxd5 Ke7 21. dxe6 Kxd6 22. exf7 Rf8 23. c4 Rxf7 24. Rd1+ Kc6 25. Re1 b5 26. b3 bxc4 27. bxc4 Rf3 28. Re7 Rc3 29. Rxg7 Rxc4 30. Rxh7 Ra4 31. Rf7 c4 32. Kf1 Rxa2 33. Rf3 d5 34. h4 d4 35. h5 c3 36. Rf8 Kb7 37. Rf7+ Kb6 38. Rf6+ Kb5 39. Rf8 d3 40. h6 Ra1+ 41. Kg2 d2 42. h7 d1=Q 43. h8=Q Qf1+ 44. Kf3 Qh1+ 45. Qxh1 Rxh1 46. Rc8 Kb4 47. Ke2 Kb3 48. Rb8+ Kc4 49. Rc8+ Kb3 50. Rb8+ Kc2 51. f4 Rh2+ 52. Ke3 Rg2 53. Kf3 Rd2 54. g4 Rd3+ 55. Ke2 Rd2+ 56. Kf3 Rd3+ 57. Ke2 Rg3 58. g5 Kc1 59. Kf2 Rg4 60. Kf3 Rg1 61. Kf2 Rg4 62. Kf3 Rg1 63. Kf2 1/2-1/2

[Event "Ottawa Winter op"]
[Site "Ottawa CAN"]
[Date "2025.01.19"]
[Round "4.9"]
[White "Rousskikh, Maxim"]
[Black "Duong, Thanh Nha"]
[Result "1/2-1/2"]
[WhiteElo "1961"]
[BlackElo "2232"]
[WhiteFideId "-1"]
[WhiteFideId "-1"]
[PlyCount "97"]
[GameId "2136100634919680"]
[EventDate "2025.01.17"]
[EventType "swiss"]
[EventRounds "5"]
[EventCountry "CAN"]

{[%evp 0,97,24,34,19,19,53,57,50,-19,57,42,55,35,46,39,24,41,31,40,48,24,13,-11,38,-22,-24,-10,14,49,14,4,55,-36,-6,-8,-8,-56,-35,-31,-38,1,10,4,9,-40,-104,-19,-82,-15,-1,-13,0,-29,-49,-71,-112,50,-24,-72,39,27,42,65,47,-184,-119,-89,-89,-124,-139,-230,-114,-90,-85,-122,-125,-141,-38,-181,-196,-12,-72,-5,-116,-112,-119,-137,-123,-115,-114,-226,-117,-236,-138,-1,-101,-1,-98,-1]} 1. d4 e6 2. Nc3 b6 3. e4 d5 4. Bd3 Nf6 5. Nf3 Bb4 6. exd5 Qxd5 7. Bd2 Bxc3 8. Bxc3 Bb7 9. O-O Nbd7 10. Bd2 O-O 11. b4 Qd6 12. Re1 Rfd8 13. h3 Nf8 14. c3 Ng6 15. Ne5 c5 16. Nxg6 hxg6 17. bxc5 bxc5 18. Be3 Qc6 19. f3 c4 20. Bc2 Qc7 21. Bd2 Rab8 22. Qc1 Qa5 23. Rb1 Bc6 24. Re5 Nd5 25. a4 Rb6 26. Rxb6 axb6 27. Qa3 Ra8 28. Qd6 Be8 29. h4 Qa7 30. h5 gxh5 31. Rxh5 Nf6 32. Rg5 Bxa4 33. Bxa4 Qxa4 34. Qe5 Ne8 35. Be3 Qd7 36. Qe4 Ra1+ 37. Kh2 Ra5 38. d5 Rxd5 39. Rxd5 Qxd5 40. Qxd5 exd5 41. Bxb6 f6 42. Kg3 Kf7 43. Kf4 Ke6 44. g4 Nd6 45. Bc5 Nb5 46. Bb4 g6 47. Ke3 f5 48. gxf5+ Kxf5 49. Ba5 {Rest of score we cannot follow draw on move 64,} 1/2-1/2

[Event "Ottawa Winter op"]
[Site "Ottawa CAN"]
[Date "2025.01.19"]
[Round "4.10"]
[White "Latreille, Etienne"]
[Black "Joseph, Jonath"]
[Result "1-0"]
[WhiteElo "2075"]
[BlackElo "2190"]
[WhiteFideId "-1"]
[WhiteFideId "-1"]
[PlyCount "105"]
[GameId "2136100634919677"]
[EventDate "2025.01.17"]
[EventType "swiss"]
[EventRounds "5"]
[EventCountry "CAN"]

1. e4 e5 2. Nf3 Nc6 3. Bc4 Bc5 4. c3 Nf6 5. d3 h6 6. O-O d6 7. Re1 a6 8. a4 Ne7 9. Nbd2 Ba7 10. Nf1 Ng6 11. Bb3 O-O 12. h3 c6 13. Ng3 d5 14. d4 dxe4 15. Nxe4 Nxe4 16. Rxe4 Bf5 17. Re1 e4 18. Nh2 Qh4 19. g4 Bb8 20. Kg2 Be6 21. Rf1 Bf4 22. Be3 h5 23. Bxe6 fxe6 24. gxh5 Bxh2 25. Qg4 Qxg4+ 26. hxg4 Bc7 27. hxg6 Rf6 28. g5 Rxg6 29. Kh3 Rf8 30. Kg4 Bd8 31. Rh1 Rf5 32. Rh5 Kf7 33. Bf4 c5 34. Re1 cxd4 35. cxd4 b5 36. Rxe4 bxa4 37. Re2 Bf6 38. Rc2 Bxd4 39. Rc7+ Kg8 40. Bd6 e5 41. Kxf5 Rxd6 42. g6 Rf6+ 43. Kg5 Rf8 44. f3 Bxb2 45. Ra7 a3 46. Rxa6 Bc1+ 47. Kg4 Rf4+ 48. Kg3 Rf8 49. Rh7 Bg5 50. Rxa3 Bh6 51. Ra7 Re8 52. Rb7 Bg5 53. Rbxg7+ 1-0

[Event "Ottawa Winter op"]
[Site "Ottawa CAN"]
[Date "2025.01.19"]
[Round "4.13"]
[White "Pollitt, Henry"]
[Black "Zhu, Elber"]
[Result "1/2-1/2"]
[WhiteElo "1906"]
[BlackElo "2060"]
[WhiteFideId "-1"]
[WhiteFideId "-1"]
[PlyCount "102"]
[GameId "2136100634919673"]
[EventDate "2025.01.17"]
[EventType "swiss"]
[EventRounds "5"]
[EventCountry "CAN"]

1. e4 e5 2. Nf3 Nc6 3. Bc4 Nf6 4. d3 Bc5 5. c3 d6 6. O-O O-O 7. h3 a5 8. Nbd2 Be6 9. Re1 Rb8 10. a4 Qd7 11. Bxe6 fxe6 12. Nc4 Qf7 13. Qe2 Nh5 14. Be3 Bxe3 15. fxe3 Rbe8 16. d4 Qg6 17. Nh4 Qg5 18. Qg4 Qxg4 19. hxg4 Nf6 20. dxe5 dxe5 21. Nf3 Nxg4 22. Rad1 Rd8 23. Ng5 Rxd1 24. Rxd1 Rd8 25. Rf1 Re8 26. Rd1 h6 27. Nf3 Kf7 28. Kf1 Ke7 29. Ke2 b6 30. Rh1 Nf6 31. Ncxe5 Nxe5 32. Nxe5 Nxe4 33. Rd1 Nc5 34. Rd4 Kf6 35. Nd7+ Nxd7 36. Rxd7 Re7 37. Rd8 e5 38. b4 e4 39. bxa5 bxa5 40. Ra8 Re5 41. Ra6+ Ke7 42. Rc6 Kd7 43. Rg6 Rg5 44. Rxg5 hxg5 45. c4 Kd6 46. Kd2 Kc5 47. Kc3 g4 48. g3 g6 49. Kb3 Kd6 50. Kc3 Ke5 51. Kb3 g5 1/2-1/2

[Event "Ottawa Winter op"]
[Site "Ottawa CAN"]
[Date "2025.01.19"]
[Round "4.15"]
[White "Pelev, Iassen"]
[Black "Masse-Garneau, Anthony"]
[Result "1-0"]
[WhiteElo "2110"]
[BlackElo "1923"]
[WhiteFideId "-1"]
[WhiteFideId "-1"]
[PlyCount "41"]
[GameId "2136100634919674"]
[EventDate "2025.01.17"]
[EventType "swiss"]
[EventRounds "5"]
[EventCountry "CAN"]

1. e4 c6 2. d4 d5 3. e5 Bf5 4. Nc3 e6 5. g4 Bg6 6. Nge2 Bb4 7. Nf4 Be4 8. f3 Qh4+ 9. Ke2 Bg6 10. Be3 Nd7 11. Qd2 Qe7 12. h4 f6 13. Nxg6 hxg6 14. f4 c5 15. a3 cxd4 16. axb4 dxe3 17. Qxe3 Qxb4 18. exf6 gxf6 19. Qxe6+ Ne7 20. Kf3 Qb6 21. Qxe7+ 1-0

[Event "Ottawa Winter op"]
[Site "Ottawa CAN"]
[Date "2025.01.19"]
[Round "5.1"]
[White "Rodrigue-Lemieux, Shawn"]
[Black "Jaferian, Koosha"]
[Result "1/2-1/2"]
[WhiteElo "2628"]
[BlackElo "2376"]
[WhiteFideId "-1"]
[WhiteFideId "-1"]
[PlyCount "21"]
[GameId "2136100634964739"]
[EventDate "2025.01.17"]
[EventType "swiss"]
[EventRounds "5"]
[EventCountry "CAN"]

1. a3 Nf6 2. d4 d5 3. Nf3 Bf5 4. Bf4 e6 5. e3 Bd6 6. Bd3 Bxd3 7. Qxd3 O-O 8. Nbd2 Bxf4 9. exf4 Nbd7 10. O-O c5 11. Ne5 1/2-1/2

[Event "Ottawa Winter op"]
[Site "Ottawa CAN"]
[Date "2025.01.19"]
[Round "5.2"]
[White "Han, Johnathan"]
[Black "Latorre, Vincent"]
[Result "1-0"]
[Annotator "hugh_"]
[WhiteElo "2464"]
[BlackElo "2366"]
[WhiteFideId "-1"]
[WhiteFideId "-1"]
[PlyCount "97"]
[GameId "2136100634964740"]
[EventDate "2025.01.17"]
[EventType "swiss"]
[EventRounds "5"]
[EventCountry "CAN"]

{[%evp 0,97,22,11,16,17,22,0,4,23,9,6,16,27,38,29,44,35,27,26,39,32,35,36,55,51,53,78,104,71,121,66,99,78,127,102,154,124,154,186,161,236,134,98,116,90,85,104,102,102,102,164,132,126,173,145,245,205,232,133,239,211,215,209,225,191,189,216,170,207,194,215,188,222,303,224,492,288,372,358,288,288,576,642,624,656,658,614,678,861,1186,1224,1217,1324,1711,1247,1209,1242,1247,1345]} 1. e4 e5 2. Nf3 Nc6 3. Bc4 Nf6 4. d3 h6 5. c3 d6 6. a4 g6 7. a5 a6 8. Qb3 Qe7 9. O-O Bg7 10. Re1 O-O 11. d4 Nh7 12. Be3 Ng5 13. Nbd2 Bd7 14. Bd5 Rab8 15. h3 Nd8 16. Rad1 Kh8 17. Qa3 Nxf3+ 18. Nxf3 Qe8 19. b4 Be6 20. Qc1 Kh7 21. Bxe6 Nxe6 22. d5 Nd8 23. c4 f5 24. c5 f4 25. Bd2 Qd7 26. Qc4 Bf6 27. Rc1 Be7 28. c6 bxc6 29. Qxa6 g5 30. dxc6 Qe6 31. Qc4 Qg6 32. b5 g4 33. hxg4 Qxg4 34. Nh2 Qg6 35. Qf1 Ne6 36. b6 Bh4 37. Kh1 d5 38. b7 dxe4 39. a6 e3 40. Bb4 Qh5 41. Bxf8 exf2 42. Rxe5 Qxe5 43. a7 Rd8 44. a8=Q Bg3 45. Qxd8 Nxd8 46. b8=Q Qh5 47. Qxc7+ Nf7 48. Qd3+ Kg8 49. Qxg3+ 1-0

[Event "Ottawa Winter op"]
[Site "Ottawa CAN"]
[Date "2025.01.19"]
[Round "5.3"]
[White "Dukic, Zachary"]
[Black "Saha, Ananda"]
[Result "1-0"]
[WhiteElo "2365"]
[BlackElo "2217"]
[WhiteFideId "-1"]
[WhiteFideId "-1"]
[PlyCount "107"]
[GameId "2136100634964744"]
[EventDate "2025.01.17"]
[EventType "swiss"]
[EventRounds "5"]
[EventCountry "CAN"]

1. e4 e6 2. d4 d5 3. Nc3 Nf6 4. e5 Nfd7 5. f4 c5 6. Nf3 Nc6 7. Be3 a6 8. a3 cxd4 9. Nxd4 Bc5 10. Qd2 O-O 11. O-O-O Nxd4 12. Bxd4 b5 13. Bxc5 Nxc5 14. Bd3 Qc7 15. Kb1 Bb7 16. Ne2 a5 17. Bxb5 Rfb8 18. Nd4 Ba6 19. a4 Bxb5 20. axb5 Ne4 21. Qe3 a4 22. Rd3 Qc5 23. Ra3 h6 24. g4 Qc7 25. h4 Qa5 26. Rd1 Qc7 27. g5 Rb6 28. gxh6 gxh6 29. f5 Kh7 30. Rg1 Qxe5 31. fxe6 Qf6 32. exf7 Qxf7 33. Qd3 Rg6 34. Rxg6 Qxg6 35. Nc6 Qg1+ 36. Ka2 Qc5 37. Nd4 Qb4 38. Ne2 Qc4+ 39. Qxc4 dxc4 40. Re3 Nd6 41. Nc3 Kg7 42. Re6 Nf5 43. Re4 Kg6 44. Rxc4 Ne3 45. Rc6+ Kh5 46. Ne4 Kxh4 47. Rxh6+ Kg4 48. Rc6 Kf4 49. Nd6 Nd5 50. Ka3 Ke5 51. Nc4+ Kd4 52. Nb6 Nxb6 53. Rxb6 Kc5 54. Ra6 1-0

[Event "Ottawa Winter op"]
[Site "Ottawa CAN"]
[Date "2025.01.19"]
[Round "5.4"]
[White "Latreille, Etienne"]
[Black "Sambuev, Bator"]
[Result "0-1"]
[WhiteElo "2075"]
[BlackElo "2528"]
[WhiteFideId "-1"]
[WhiteFideId "-1"]
[PlyCount "38"]
[GameId "2136100634964741"]
[EventDate "2025.01.17"]
[EventType "swiss"]
[EventRounds "5"]
[EventCountry "CAN"]

1. e4 e6 2. d4 d5 3. Nd2 c5 4. Ngf3 Nf6 5. exd5 Nxd5 6. c3 Nc6 7. Bb5 cxd4 8. cxd4 Bd7 9. O-O Be7 10. Ne4 Qb6 11. Ba4 O-O 12. Bc2 Rfd8 13. Be3 Be8 14. a3 e5 15. Nc3 Nxe3 16. fxe3 exd4 17. exd4 Nxd4 18. Nxd4 Rxd4 19. Qe1 Rd1+ 0-1

[Event "Ottawa Winter op"]
[Site "Ottawa CAN"]
[Date "2025.01.19"]
[Round "5.5"]
[White "Liang, Jason"]
[Black "Azar, Sebastien"]
[Result "1-0"]
[WhiteElo "2590"]
[BlackElo "2176"]
[WhiteFideId "-1"]
[WhiteFideId "-1"]
[PlyCount "85"]
[GameId "2136100634964742"]
[EventDate "2025.01.17"]
[EventType "swiss"]
[EventRounds "5"]
[EventCountry "CAN"]

1. Nf3 d5 2. e3 Nf6 3. c4 e6 4. Nc3 Be7 5. b3 c5 6. cxd5 exd5 7. Bb5+ Bd7 8. Bxd7+ Qxd7 9. d4 cxd4 10. Nxd4 O-O 11. O-O Nc6 12. Bb2 Rac8 13. Rc1 Rfd8 14. h3 Bf8 15. Qd3 g6 16. Rfd1 Bg7 17. Nxc6 Rxc6 18. Ne2 Rdc8 19. Rxc6 bxc6 20. Qc2 Qb7 21. Nf4 Ne8 22. Bxg7 Kxg7 23. Qc5 Qa6 24. Rc1 Rc7 25. e4 Qb6 26. Qc3+ d4 27. Qd3 Rd7 28. Rc4 Nf6 29. e5 Nh5 30. Ne2 Qa5 31. g4 Qe1+ 32. Kg2 Qxe2 33. Qxe2 Nf4+ 34. Kf3 Nxe2 35. Kxe2 Rd5 36. Rxc6 Rxe5+ 37. Kd2 Re6 38. Rxe6 fxe6 39. f4 g5 40. fxg5 e5 41. Kd3 Kf7 42. h4 Ke6 43. Ke4 1-0

[Event "Ottawa Winter op"]
[Site "Ottawa CAN"]
[Date "2025.01.19"]
[Round "5.8"]
[White "Gordon, David"]
[Black "Guillemette, Hugo"]
[Result "0-1"]
[WhiteElo "2154"]
[BlackElo "2291"]
[WhiteFideId "-1"]
[WhiteFideId "-1"]
[PlyCount "68"]
[GameId "2136100634964745"]
[EventDate "2025.01.17"]
[EventType "swiss"]
[EventRounds "5"]
[EventCountry "CAN"]

1. d4 Nf6 2. Bg5 c5 3. d5 Ne4 4. Bf4 e6 5. f3 Bd6 6. Bxd6 Nxd6 7. e4 b5 8. a4 b4 9. dxe6 dxe6 10. e5 Nf5 11. Qxd8+ Kxd8 12. Bd3 Nd7 13. Be4 Rb8 14. f4 Bb7 15. Nd2 Ne3 16. Kf2 Bxe4 17. Nxe4 Nxc2 18. Rc1 b3 19. Ne2 Ke7 20. Rhd1 Rhd8 21. a5 f6 22. exf6+ gxf6 23. Rd3 Rb4 24. N4c3 c4 25. Rh3 Rh8 26. Rh5 f5 27. Rd1 Nc5 28. Nd4 Nxd4 29. Rxd4 Nd3+ 30. Ke2 h6 31. Kd2 Nxb2 32. Rxf5 exf5 33. Nd5+ Kd6 34. Nxb4+ Kc5 0-1

[Event "Ottawa Winter op"]
[Site "Ottawa CAN"]
[Date "2025.01.19"]
[Round "5.9"]
[White "Hoekman, Samuel"]
[Black "Bahmani, Amir Mohammad"]
[Result "0-1"]
[WhiteElo "2128"]
[BlackElo "2286"]
[WhiteFideId "-1"]
[WhiteFideId "-1"]
[PlyCount "92"]
[GameId "2136100634964746"]
[EventDate "2025.01.17"]
[EventType "swiss"]
[EventRounds "5"]
[EventCountry "CAN"]

1. d4 Nf6 2. c4 d6 3. Nf3 Nbd7 4. Nc3 e5 5. e3 c6 6. Be2 e4 7. Nd2 d5 8. O-O Bd6 9. f3 exf3 10. Bxf3 Qc7 11. h3 dxc4 12. e4 O-O 13. e5 Bxe5 14. dxe5 Nxe5 15. Nde4 Nxe4 16. Bxe4 Be6 17. Qc2 f5 18. Bxf5 Qb6+ 19. Kh2 Bxf5 20. Rxf5 Nd3 21. Rxf8+ Rxf8 22. Ne2 Qc5 23. Bd2 Rf2 24. Be1 Nxe1 25. Rxe1 Qd5 26. Rg1 Qe5+ 27. Kh1 Qxe2 28. Qa4 a6 29. Qb4 Qxb2 30. Qxc4+ Kh8 31. Re1 Rf8 32. Qf7 Qf6 33. Qxb7 c5 34. Rc1 Qd6 35. a4 h6 36. Re1 c4 37. a5 c3 38. Qe4 Qd2 39. Qe7 Rd8 40. Rf1 Qd3 41. Rf3 Qb1+ 42. Kh2 Qb8+ 43. Rg3 Rg8 44. Qc5 Rc8 45. Qd4 Qxg3+ 46. Kxg3 c2 0-1

[Event "Ottawa Winter op"]
[Site "Ottawa CAN"]
[Date "2025.01.19"]
[Round "5.10"]
[White "Kot, Emanuel"]
[Black "Rousskikh, Maxim"]
[Result "1-0"]
[WhiteElo "2237"]
[BlackElo "2137"]
[WhiteFideId "-1"]
[WhiteFideId "-1"]
[PlyCount "59"]
[GameId "2136100634964743"]
[EventDate "2025.01.17"]
[EventType "swiss"]
[EventRounds "5"]
[EventCountry "CAN"]

1. e4 c6 2. d4 d5 3. Nc3 dxe4 4. Nxe4 Nf6 5. Nxf6+ exf6 6. c3 Bd6 7. Bd3 O-O 8. Qc2 Re8+ 9. Ne2 h5 10. O-O h4 11. h3 Nd7 12. Bd2 Nf8 13. Rae1 g6 14. Nf4 Rxe1 15. Rxe1 Kg7 16. Qd1 Qc7 17. Qf3 Bd7 18. c4 Nh7 19. Nh5+ gxh5 20. Bxh7 Kxh7 21. Qxh5+ Kg8 22. Re4 Re8 23. Rxh4 Kf8 24. c5 Bh2+ 25. Kh1 Be6 26. Re4 Ke7 27. f4 f5 28. Qh4+ Kd7 29. Re5 f6 30. Qxf6 1-0

[Event "Outaouais-ch"]
[Site "Gatineau CAN"]
[Date "2025.03.25"]
[Round "1"]
[White "Azar, Sebastien"]
[Black "Chenier, Raphael"]
[Result "1-0"]
[WhiteElo "2169"]
[BlackElo "1701"]
[WhiteFideId "-1"]
[WhiteFideId "-1"]
[PlyCount "129"]
[GameId "2170502837402582"]
[EventDate "2025.03.25"]
[EventType "tourn"]
[EventRounds "7"]
[EventCountry "CAN"]

1. g3 e5 2. c4 Nf6 3. Bg2 d5 4. cxd5 Nxd5 5. d3 c5 6. Nf3 Nc6 7. O-O Be7 8. Nc3 Be6 9. Bd2 O-O 10. Rc1 f6 11. Re1 Qd7 12. a3 Rfd8 13. Ne4 b6 14. Qa4 Nd4 15. Qd1 Rac8 16. h4 h5 17. Kh2 Bg4 18. e3 Nxf3+ 19. Bxf3 Qf5 20. Bxg4 hxg4 21. Qe2 Qh5 22. Kg2 f5 23. Nc3 Nf6 24. Rcd1 Rd7 25. e4 Rcd8 26. Bg5 Nh7 27. Be3 g5 28. hxg5 Qh3+ 29. Kg1 Nxg5 30. Bxg5 Bxg5 31. exf5 Rh7 32. Qe4 Rd6 33. Qa8+ Rd8 34. Qg2 Qxg2+ 35. Kxg2 Bf6 36. Re4 Rg7 37. f3 gxf3+ 38. Kxf3 Rgd7 39. Ke2 Kf7 40. Re3 Rh8 41. Rf3 Rd4 42. Nb5 Rd7 43. Nc3 Rd4 44. Rf2 a6 45. Rff1 Rh2+ 46. Rf2 Rh8 47. Kd2 Rhd8 48. Kc2 Rh8 49. Rdd2 Rh3 50. Rh2 Rxg3 51. Ne2 Rf3 52. Nxd4 exd4 53. Rdf2 Rg3 54. Rh7+ Rg7 55. Rxg7+ Bxg7 56. Re2 b5 57. Re6 a5 58. Rc6 Bf8 59. b3 a4 60. bxa4 bxa4 61. Ra6 c4 62. dxc4 Bxa3 63. Rxa4 Bc5 64. Kd3 Kf6 65. Ra6+ 1-0

[Event "Outaouais-ch"]
[Site "Gatineau CAN"]
[Date "2025.03.25"]
[Round "1"]
[White "Dupont-Mageau, Nicolas"]
[Black "Thompson, Francis"]
[Result "0-1"]
[WhiteElo "1854"]
[BlackElo "1788"]
[WhiteFideId "-1"]
[WhiteFideId "-1"]
[PlyCount "54"]
[GameId "2170502837406679"]
[EventDate "2025.03.25"]
[EventType "tourn"]
[EventRounds "7"]
[EventCountry "CAN"]

1. e4 c5 2. Nc3 Nc6 3. f4 g6 4. Nf3 Bg7 5. Bc4 e6 6. O-O Nge7 7. Qe1 O-O 8. d3 Nd4 9. Nxd4 cxd4 10. Ne2 d5 11. Bb3 a5 12. a4 dxe4 13. dxe4 d3 14. Nc3 Nc6 15. Nb5 dxc2 16. Bxc2 Nd4 17. Nxd4 Bxd4+ 18. Kh1 Qb6 19. Ra3 f5 20. e5 Bd7 21. Rd3 Bc6 22. Qd2 Bc5 23. b3 Rac8 24. Bd1 Be4 25. Rh3 Rfd8 26. Qe1 Bf2 27. Rxf2 Qxf2 0-1

[Event "Outaouais-ch"]
[Site "Gatineau CAN"]
[Date "2025.03.25"]
[Round "1"]
[White "Latreille, Etienne"]
[Black "Desjardins, Michel"]
[Result "0-1"]
[WhiteElo "2084"]
[BlackElo "1936"]
[WhiteFideId "-1"]
[WhiteFideId "-1"]
[PlyCount "98"]
[GameId "2170502837058516"]
[EventDate "2025.03.25"]
[EventType "tourn"]
[EventRounds "7"]
[EventCountry "CAN"]

1. e4 e6 2. d4 d5 3. Nd2 dxe4 4. Nxe4 Nd7 5. Nf3 Ngf6 6. Nxf6+ Nxf6 7. g3 b6 8. Bb5+ Bd7 9. a4 a6 10. Be2 Bc6 11. O-O Bb7 12. Ne5 Nd7 13. Bf3 Bxf3 14. Qxf3 Nxe5 15. dxe5 Qd5 16. Kg2 O-O-O 17. Re1 Qxf3+ 18. Kxf3 Be7 19. Bf4 Rd4 20. Re4 Rhd8 21. h4 h5 22. Rae1 Kb7 23. g4 hxg4+ 24. Kxg4 Rd1 25. Bg5 Bxg5 26. Rxd1 Rxd1 27. Kxg5 b5 28. axb5 axb5 29. Rf4 Rd7 30. h5 c5 31. h6 gxh6+ 32. Kf6 Rd5 33. Rh4 Rd2 34. f4 Rxc2 35. Kxf7 Rxb2 36. Kxe6 c4 37. f5 c3 38. Rh1 Rf2 39. f6 c2 40. f7 b4 41. Ke7 b3 42. f8=Q Rxf8 43. Kxf8 b2 44. Rxh6 c1=Q 45. Rh7+ Kc6 46. e6 b1=Q 47. Rf7 Qh6+ 48. Ke7 Qb4+ 49. Kd8 Qb8+ 0-1

[Event "Outaouais-ch"]
[Site "Gatineau CAN"]
[Date "2025.03.25"]
[Round "1"]
[White "Lattafi, Youcef"]
[Black "Filion, Samuel"]
[Result "1-0"]
[WhiteElo "1906"]
[BlackElo "1678"]
[WhiteFideId "-1"]
[WhiteFideId "-1"]
[PlyCount "39"]
[GameId "2170502837394389"]
[EventDate "2025.03.25"]
[EventType "tourn"]
[EventRounds "7"]
[EventCountry "CAN"]

1. e4 e6 2. b3 d5 3. Bb2 dxe4 4. Nc3 Nf6 5. Qe2 Be7 6. Nxe4 Nxe4 7. Qxe4 Bf6 8. d4 Qd5 9. Qe3 O-O 10. Nf3 b6 11. O-O-O Bb7 12. h4 Qe4 13. Qd2 Qg4 14. Be2 Qxg2 15. Rdg1 Bxf3 16. Rxg2 Bxg2 17. Rg1 Bb7 18. Qf4 Na6 19. Qxf6 Nb8 20. Qf4 1-0

[Event "Outaouais-ch"]
[Site "Gatineau CAN"]
[Date "2025.04.01"]
[Round "2"]
[White "Desjardins, Michel"]
[Black "Azar, Sebastien"]
[Result "0-1"]
[WhiteElo "1936"]
[BlackElo "2169"]
[WhiteFideId "-1"]
[WhiteFideId "-1"]
[PlyCount "42"]
[GameId "2170502837414873"]
[EventDate "2025.03.25"]
[EventType "tourn"]
[EventRounds "7"]
[EventCountry "CAN"]

1. Nf3 Nf6 2. g3 g6 3. Bg2 Bg7 4. O-O O-O 5. c4 c5 6. Nc3 d6 7. d4 Nc6 8. dxc5 dxc5 9. Be3 Qa5 10. Qa4 Qxa4 11. Nxa4 b6 12. Ne5 Nxe5 13. Bxa8 Bd7 14. Nxb6 axb6 15. Bd5 Nxd5 16. cxd5 Nc4 17. Bc1 Bf5 18. f3 Nxb2 19. e4 Bh3 20. Bxb2 Bxb2 21. Rab1 Bd4+ 0-1

[Event "Outaouais-ch"]
[Site "Gatineau CAN"]
[Date "2025.04.01"]
[Round "2"]
[White "Filion, Samuel"]
[Black "Chenier, Raphael"]
[Result "1/2-1/2"]
[WhiteElo "1678"]
[BlackElo "1701"]
[WhiteFideId "-1"]
[WhiteFideId "-1"]
[PlyCount "44"]
[GameId "2170502837525467"]
[EventDate "2025.03.25"]
[EventType "tourn"]
[EventRounds "7"]
[EventCountry "CAN"]

1. d4 g6 2. Nf3 Bg7 3. g3 Nf6 4. Bg2 O-O 5. O-O d6 6. c4 Nbd7 7. Nc3 e5 8. dxe5 Nxe5 9. Nxe5 dxe5 10. b3 c6 11. Ba3 Re8 12. Qxd8 Rxd8 13. Rad1 Bf5 14. Be7 Re8 15. Bc5 Bf8 16. Bxf8 Kxf8 17. Rd2 Rad8 18. Rfd1 Ke7 19. e4 Be6 20. f3 g5 21. Kf2 Rxd2+ 22. Rxd2 Rd8 1/2-1/2

[Event "Outaouais-ch"]
[Site "Gatineau CAN"]
[Date "2025.04.01"]
[Round "2"]
[White "Lattafi, Youcef"]
[Black "Dupont-Mageau, Nicolas"]
[Result "1-0"]
[WhiteElo "1906"]
[BlackElo "1854"]
[WhiteFideId "-1"]
[WhiteFideId "-1"]
[PlyCount "53"]
[GameId "2170502837517274"]
[EventDate "2025.03.25"]
[EventType "tourn"]
[EventRounds "7"]
[EventCountry "CAN"]

1. e4 c5 2. Nf3 d6 3. d4 cxd4 4. Nxd4 Nf6 5. Nc3 a6 6. Bg5 e6 7. f4 Be7 8. Qf3 Qc7 9. O-O-O O-O 10. g4 Nc6 11. Nxc6 bxc6 12. Bd3 e5 13. f5 Rb8 14. h4 Qb6 15. Be3 Qxb2+ 16. Kd2 Bd7 17. g5 d5 18. Rb1 Nxe4+ 19. Nxe4 Bb4+ 20. Ke2 dxe4 21. Qxe4 Qa3 22. h5 Bc5 23. f6 g6 24. Rxb8 Rxb8 25. hxg6 fxg6 26. Qc4+ Kh8 27. Rxh7+ 1-0